Biblioteka Instytutu Północnego w Olsztynie

Andrzéj Patrycy Nidecki : (Rekord nr 27624)

Szczegóły MARC
000 -Nagłówek
fixed length control field 01657cam a2200457 i 4500
001 - Nr kontrolny bibl., która utworzyła rek.
control field xx001117215
003 - Siglum bibl., której nr kontr. jest w 001
control field NUKAT
005 - Data i czas ostatniej operacji
control field 20260416194632.0
008 - Elementy pola stałej długości
fixed length control field 080509s1884 pl |000 0bpol c
035 ## - Systemowy numer kontrolny
systemowy numer kontrolny (OCoLC)749847187
035 ## - Systemowy numer kontrolny
systemowy numer kontrolny (NUKAT)xx001117215
040 ## - Instytucja sporządzająca opis
Instytucja, która sporządziła opis TOR U/KC
Instytucja, która sporządziła rekord TOR U/KC
Instytucja, która zmodyfikowała rekord TOR U/LF
-- WA U/WBs
-- GD U/Doro
041 0# - Kod nazwy języka dokumentu
Język tekstu pol
-- lat
099 ## - Dowolny opis lokalny sygnatury
symbol klasyfikacji hh_641385
100 1# - Hasło główne-nazwa osobowa
Nazwa osobowa Morawski, Kazimierz
Daty biograficzne (1852-1925).
9 (RLIN) 7349
245 10 - Tytuł właściwy i oznaczenie odpow.
tytuł Andrzéj Patrycy Nidecki :
dodatek do tytułu jego życie i dzieła.
numer części/sekcji pracy Cz. 1,
tytuł części/sekcji pracy (1522-1572) /
dod. inf. ze s. tyt./ozn. odpow. przedstawił Kazimierz Morawski.
260 ## - Adres wydawniczy
miejsce wydania, dystrybucji itp. Kraków :
nazwa wydawcy, dystrybutora itp. Akademia Umiejętności,
data wydania, dystrybucji itp. 1884
miejsce druku (Kraków :
nazwa drukarni w drukarni Uniwersytetu Jagiellońskiego).
300 ## - Opis fizyczny
objętość i/lub forma materiału [6], VIII, 216 s. ;
format 22 cm.
336 ## - Content Type
Term Tekst
Code txt
Source rdacontent
337 ## - Media Type
Term Bez urządzenia pośredniczącego
Code n
Source rdamedia
338 ## - Carrier Type
Term Wolumin
Code nc
Source rdacarrier
380 ## - Form of work
Form of work Książki
510 4# - Uwaga o cytowaniu lub źródłach opisu bibliogr.
nazwa źródła Estr.
lokaliz. opracowania w źródle T. 3, cz. 4 s. 202
530 ## - Uwaga o dod. formie fiz. materiału
uwaga o dodatkowej fizycznej formie dokumentu Dostępne również w formie elektronicznej.
546 ## - Uwaga o języku opisywanego materiału
uwaga o języku Zawiera teksty łac.
600 17 - Hasło przedmiotowe-nazwa osobowa
nazwa osobowa Nidecki, Andrzej Patrycy
daty biograficzne (1522-1587)
źródło hasła DBN
9 (RLIN) 40199
600 17 - Hasło przedmiotowe-nazwa osobowa
nazwa osobowa Nidecki, Andrzej Patrycy
daty biograficzne (1522-1587).
źródło hasła kaba
9 (RLIN) 40200
648 #7 - SUBJECT ADDED ENTRY--CHRONOLOGICAL TERM
Chronological term 1501-1600
Source of heading or term DBN
9 (RLIN) 36032
650 #7 - Hasło przedmiotowe-nazwa pospolita
nazwa pospolita lub geogr. Duchowieństwo katolickie
źródło hasła DBN
9 (RLIN) 35375
650 #7 - Hasło przedmiotowe-nazwa pospolita
nazwa pospolita lub geogr. Filologia klasyczna
źródło hasła DBN
9 (RLIN) 40201
650 #7 - Hasło przedmiotowe-nazwa pospolita
nazwa pospolita lub geogr. Humanizm (prąd)
źródło hasła DBN
9 (RLIN) 39737
651 #7 - Hasło przedmiotowe-nazwa geogr.
nazwa geograficzna Polska
źródło hasła DBN
9 (RLIN) 35076
655 #7 - Termin określający rodzaj/formę
rodzaj/forma Biografia
źródło terminu DBN
9 (RLIN) 35059
658 ## - Nazwa określająca cel programu nauczania
główny cel programu nauczania Filozofia i etyka
658 ## - Nazwa określająca cel programu nauczania
główny cel programu nauczania Historia
658 ## - Nazwa określająca cel programu nauczania
główny cel programu nauczania Językoznawstwo
658 ## - Nazwa określająca cel programu nauczania
główny cel programu nauczania Kultura i sztuka
658 ## - Nazwa określająca cel programu nauczania
główny cel programu nauczania Religia i duchowość
856 41 - Elektroniczne źródła danych i spos. dost.
URL (Uniform Resource Locator) <a href="http://www.pbc.gda.pl/dlibra/docmetadata?id=73529">http://www.pbc.gda.pl/dlibra/docmetadata?id=73529</a>
942 ## - ADDED ENTRY ELEMENTS (KOHA)
Source of classification or shelving scheme Dewey Decimal Classification
Koha item type pozycje dostępne na miejscu
Egzemplarze
Status wycofania Status zagubienia Klasyfikacja Status uszkodzenia Blokada wypożyczeń Kolekcja Lokalizacja macierzysta Lokalizacja bieżąca Data nabycia Numer akcesji Źródło akcesji Nr inwentarzowy il. wypożyczeń Sygnatura Kod kreskowy Date last seen Price effective from Typ egz.
    Dewey Decimal Classification nieuszkodzona   Pracownia Badań Księgozbiorów Historycznych Biblioteka Instytutu Północnego w Olsztynie Pracownia Badań Księgozbiorów Historycznych 16/04/2026 D-33/1963 dar 15620   15620 IPWK23773 16/04/2026 16/04/2026 pozycje dostępne na miejscu
Biblioteka Instytutu Północnego, ul. Partyzantów 87, 10-402 Olsztyn, email: biblioteka(at)ip.olsztyn.pl